Sports Quiz

Random Sports or NFL Quiz

NFL Tackle Leaders (01-09) Quiz Stats

 Plays Quiz not verified by Sporcle

Score 0/45 Timer 10:00
0 Plays Today
Year Player % Correct
2009Ray Lewis
97.5%
2004Ray Lewis
97.5%
2003Ray Lewis
97.5%
2001Ray Lewis
97.5%
2009Patrick Willis
95.3%
2008Patrick Willis
95.3%
2007Patrick Willis
95.3%
2006Zach Thomas
80%
2005Zach Thomas
80%
2004Zach Thomas
80%
2003Zach Thomas
80%
2002Zach Thomas
80%
2001Zach Thomas
80%
2009London Fletcher
74.9%
2006London Fletcher
74.9%
2005London Fletcher
74.9%
2004London Fletcher
74.9%
2002London Fletcher
74.9%
2002Brian Urlacher
71.7%
2009Jon Beason
63.9%
2008Jon Beason
63.9%
2007Jon Beason
63.9%
2007D.J. Williams
59.9%
Year Player % Correct
2006DeMeco Ryans
54.5%
2008D'Qwell Jackson
47.5%
2009Barrett Ruud
44.4%
2008Barrett Ruud
44.4%
2005Jonathan Vilma
41.5%
2007Nick Barnett
41%
2006Keith Bulluck
40.4%
2004Keith Bulluck
40.4%
2008Kirk Morrison
31.6%
2005Andra Davis
31.6%
2007Ernie Sims
31.2%
2005Donnie Edwards
24.4%
2004Donnie Edwards
24.4%
2003Donnie Edwards
24.4%
2001Marvin Jones
24.2%
2003Jamie Sharper
21.3%
2006Cato June
18.4%
2001James Farrior
15.2%
2003Michael Barrow
6.1%
2002Edgerton Hartwell
5.6%
2001Ronald McKinnon
2.9%
2002Jay Foreman
1.6%

You're not logged in!

Compare scores with friends on all Sporcle quizzes.
OR
Log In

Sporcle TV

Today on Sporcle TV


Watch our educational content, quiz creation guides, and fun videos on Sporcle TV.

Show Comments

Extras

Created Nov 12, 2010SourceReportNominate
Tags:NFL Quiz, 00-09, player, tackle

Top Quizzes Today


Score Distribution

Your Account Isn't Verified!

In order to create a playlist on Sporcle, you need to verify the email address you used during registration. Go to your Sporcle Settings to finish the process.

Report this User

Report this user for behavior that violates our Community Guidelines.

Details: